000 00784nam a2200241Ia 4500
005 20220317001403.0
008 161108s2016 ck g 000 0 spa
020 _a9789587580822
100 1 _aBodoc, Liliana
_d1958-
245 1 3 _aLa saga de los confines
_blos días del venado, I
_cLiliana Bodoc
250 _a1a. edición
300 _a329 páginas
_c23 cm
650 1 4 _2LEMB
_aNovela épica argentina
_ySiglo XX
650 1 4 _2LEMB
_aLiteratura épica argentina
_ySiglo XX
650 1 4 _2LEMB
_aFantasía en la literatura
942 _2loc
_cBKLIT
264 _aBogotá
_bSuma de Letras
_c[2016]
336 _atexto
_btxt
_2rdacontent
337 _asin mediación
_bn
_2rdamedia
338 _avolumen
_bnc
_2rdacarrier
040 _aCO-BoRNBP
_bspa
_erda
_cCO-BoRNBP
084 _aN BOD1
999 _c6816
_d6816